Valtiot, joilla on eniten panssarivaunuja - Statistics

Yleistilastot
  • Tätä visaa on pelattu 2 062 kertaa
    1 357 viimeisimmän päivityksen jälkeen
  • Keskiarvotulos 13 / 20
Vastaustilastot
Panssarivaunuja Valtio % Oikein
12 566 Venäjä
100%
5 500 Yhdysvallat
100%
4 950 Kiina
97%
4 614 Intia
87%
4 071 Iran
83%
6 645 Pohjois-Korea
80%
1 890 Ukraina
80%
3 742 Pakistan
75%
2 200 Israel
72%
2 229 Turkki
71%
1 273 Saudi-Arabia
70%
2 331 Etelä-Korea
69%
4 664 Egypti
68%
2 616 Syyria
56%
1 829 Vietnam
45%
1 700 Algeria
44%
1 761 Marokko
40%
1 588 Jordania
31%
1 365 Kreikka
30%
1 756 Eritrea
5%
Ehtoja vastaavia visoja ei löytynyt
Tulosjakauma
Jokaisen tuloksen saaneiden osuus
Persentiili vastausten määrän mukaan
Tuloshistoriasi
Et ole pelannut tätä visaa sen viimeisimmän päivityksen jälkeen